000 00440nam a22001697a 4500
005 20160523103507.0
008 160523b xxu||||| |||| 00| 0 eng d
020 _a81-314-0606-7
041 _aeng
082 _b4136
100 _aChatterjee/ Chiradeep
_91017
245 _aCase Studies on International Trade and Exchange Rates
260 _aNew Delhi
_bAcademic Faundation
300 _a240
650 _aManagement
_9241
942 _cBK
999 _c1388
_d1388